000
00282nam a22001337a 4500
008
181009b xxu||||| |||| 00| 0 eng d
020
_a
9780789503152
041
_a
eng
080
_a
004
100
_a
28
101
_a
SHKI
245
_a
Using Computers
_c
Shelly
942
_2
udc
_c
BK
999
_c
49115
_d
49115